00428nam a2200121 a 450000100100000000500170001000800410002704000250006811000700009324500530016326000550021630000350027100003153620200930063011.0110627s1997 dr 000 0 spa d aDO-SdBNPbspacBNPHU1 aRepública DominicanabSuprema Corte de JusticiabPoder Judicial14aLos jueces de la Suprema Corte de Justicia 1997. aSanto Domingo :bSuprema Corte de Justicia,c1997. a67 p. :bil., retrs. ;c30 cm.